000 00432nam a2200181Ia 4500
001 3954
005 20260306145721.0
008 260306t1956||||xx |||||||||||||| ||spa||
041 _aESP
082 _a305.867
_bT33
100 _aTejada, Francisco Elías de
_eAUT
245 0 _aSociología del Africa negra
260 _c1956
300 _a275 páginas :
_c19 cm.
650 _aGEN
654 _aCHU
942 _cLIB
_dJUS
_fJUS
_2ddc
_n
999 _c3954
_d3954